000 00717nam a2200289Ia 4500
005 20260324120430.0
008 008 260324s9999 xx 000 0 eng d
020 _a9781003192343
037 _aEBOOK
040 _aCRL
040 _beng
040 _cCRL
041 _2eng
041 _aeng
084 _qCRL
100 _aAlain Kerherve
_91158546
245 0 _aMary Delany (1700–1788) and the Court of George III
245 0 _bMemoirs of the Court of George III, Volume 2
260 _bTaylor and Francis
260 _c2015
365 _a
365 _b145
856 _uhttp://www.taylorfrancis.com/books/9781003192343
942 _cEBOOK
999 _c1750072
_d1750072